008310000a22002170004500003001100000005001700011008004100028040003900069041000800108082001600116245005100132260008800183300002600271650002900297650007300326650008000399700002100479942000700500952009100507999001500598LK-CoMWRAF20231207094007.0230817t1987 ||||| |||| 00| 0 eng d aLK-CoMWRAFdLK-CoMWRAFeLK-CoMWRAF aeng a331.48bTEC aTechnology and gender : bwomen's work in Asia aSelangor:b Women's Studies Unit, UPM & Malaysian Social Science Association,c1987 a150 p. : ill. ; 22 cm aRural women- Employment  aRural women Employment Effect of technological innovations on- Asia  a Southeast Asia- Women -Employment- Effect of technological innovations on  aNg, Ceciliaeed. cBK 00104070aMAINbMAINd2023-08-17l0o331.48 TECpRAF3765r2023-08-17w2023-08-17yBK c2403d2403